| 000 | 00550nam a22001937a 4500 | ||
|---|---|---|---|
| 005 | 20141211162604.0 | ||
| 008 | 141211b xxu||||| |||| 00| 0 eng d | ||
| 020 | _a9789719344681 | ||
| 050 |
_aPS 420 _b.Ag283 2009 |
||
| 100 | _aAguilar, Marlene P. | ||
| 245 |
_aWarriors of heaven / _cMarlene P. Aguilar. |
||
| 260 |
_aManila : _bJamayco Pub. House, _c2009. |
||
| 300 |
_axi, 384 pages : _bcolored illustration ; _c24 cm. |
||
| 650 | _aRules. | ||
| 650 | _aSociety. | ||
| 650 | _aU.S. Military. | ||
| 650 | _aReligion. | ||
| 942 |
_2lcc _cBK _kFIL |
||
| 999 |
_c276952 _d276952 |
||